| 000 | 00645nam a2200217 i 4500 | ||
|---|---|---|---|
| 001 | 104925 | ||
| 003 | ES-MaACL | ||
| 005 | 20251015063112.0 | ||
| 007 | t| | ||
| 008 | 060529s1954 fr ||||1| fre d | ||
| 080 | _a235.2 | ||
| 100 | 1 |
_aPapini, Giovanni, _d1881-1956 _988874 |
|
| 245 | 1 | 3 |
_aLe diable / _cGiovanni Papini ; traduit de l'italien par René Patris. |
| 260 |
_aParis : _bFlammarion, _c[1954] |
||
| 300 |
_a315 p. ; _c19 cm. |
||
| 500 | _aBiblioteca Jacinto Martínez Lacalle. | ||
| 650 | 4 |
_aDemonio. _911587 |
|
| 700 | 1 |
_aPatris, René. _989590 |
|
| 852 |
_aES-MaACL _jE-11314 _bR.138961 |
||
| 999 |
_c104925 _d104925 |
||